000 00857nas a2200277 4500
001 BR9701393
003 BR-BrBNA
005 20231205100036.0
007 ta
008 230509b bl.|||p| |||| 00| 00por d
040 _aBR-BrBNA
_bpor
_cBiblioteca Nacional de Agricultura
041 _a(En)
072 _aL53
100 1 _aSato, Y.
100 1 _aCardoso, E.L.
100 1 _aGodinho, A.L.
100 1 _aGodinho, H.P.
245 1 _aHypophysation of the anostomid fish whit-piau Schizodon knerii from the Rio Sao Francisco basin
650 _aPiau
650 _aHipofise
650 _aRio Sao Francisco
650 _aMinas Gerais
773 0 _tArquivo Brasileiro de Medicina Veterinaria e Zootecnia (Brazil)
_xISSN 0102-0935
_g(Mar 1996), v. 48(Supl. 1) p. 63-70
_wBR9701393
909 _a202311
_bLúcia
_c55
_dLúcia Elande
942 _2AGRIS
_n0
_cANA
999 _c154080
_d154080